Women rights under laws / (Record no. 104957)

MARC details
000 -LEADER
fixed length control field 00636nam a22002057a 4500
005 - DATE AND TIME OF LATEST TRANSACTION
control field 20161205172105.0
010 ## - LCCN (DPL NO)
LC control number ENG-116744
020 ## - INTERNATIONAL STANDARD BOOK NUMBER
International Standard Book Number 9788184845563
Terms of availability 2380.00
035 ## - SYSTEM CONTROL NUMBER
System control number EN-100276
037 ## - SOURCE OF ACQUISITION
Source of stock number/acquisition DBAD/PUB
082 ## - DEWEY DECIMAL CLASSIFICATION NUMBER
Classification number 344.54014
100 ## - MAIN ENTRY--PERSONAL NAME
Personal name Gupta, Meenakshi
245 ## - TITLE STATEMENT
Title Women rights under laws /
Statement of responsibility, etc by Meenakshi Gupta
260 ## - PUBLICATION, DISTRIBUTION, ETC. (IMPRINT)
Place of publication, distribution, etc New Delhi
Name of publisher, distributor, etc Regal Publications
Date of publication, distribution, etc 2016
270 ## - ADDRESS
Address F-159 Rajouri Garden
City New Delhi
Postal code 110027
300 ## - PHYSICAL DESCRIPTION
Extent xiii,509p. :
Dimensions 23cm(Hb)
Other physical details ill
500 ## - GENERAL NOTE
General note Includes bibliographical references and index
700 ## - ADDED ENTRY--PERSONAL NAME
Personal name Gupta, Meenakshi
942 ## - ADDED ENTRY ELEMENTS (KOHA)
Source of classification or shelving scheme Dewey Decimal Classification
Item type English Books
Classification part 344.54014
Call number suffix GUP
Holdings
Withdrawn status Lost status Not for loan Collection code Home library Current library Date acquired Source of acquisition Cost, normal purchase price Full call number Barcode Copy number Cost, replacement price Koha item type
      Non-fiction Central Library Central Library 05/12/2016 DBAD 2380.00 344.54014 GUP EN-100276 1 2380.00 English Books

© Delhi Public Library
Hit Counter
free hit counter